[Event "Russian Higher League"]
[Site "Tyumen RUS"]
[Date "2012.06.16"]
[Round "1"]
[White "Yevseev, D."]
[Black "Inarkiev, E."]
[Result "1/2-1/2"]
[WhiteElo "2529"]
[BlackElo "2707"]
[PlyCount "117"]
[EventDate "2012.06.16"]

1. d4 d5 2. c4 c6 3. Nc3 Nf6 4. e3 e6 5. Nf3 Nbd7 6. Qc2 b6 7. Bd3 Bb7 8. O-O
Bb4 9. Bd2 Rc8 10. cxd5 exd5 11. e4 Bxc3 12. bxc3 dxe4 13. Bxe4 O-O 14. Bg5 h6
15. Bh4 g5 16. Bg3 Nxe4 17. Qxe4 f5 18. Qe6+ Kh7 19. Ne5 Nxe5 20. Bxe5 Qd5 21.
Qxd5 cxd5 22. a4 Ba6 23. Rfe1 Rc6 24. a5 b5 25. f4 Rxc3 26. Bd6 Rf7 27. Re8 b4
28. Bxb4 Rc2 29. fxg5 hxg5 30. Bd6 Bd3 31. Ra3 Rc1+ 32. Kf2 Rf1+ 33. Kg3 Be4
34. Be5 Rg1 35. Ra2 f4+ 36. Kg4 Bxg2 37. Rh8+ Kg6 38. Rg8+ Kh6 39. Rh8+ Kg6 40.
Rg8+ Kh6 41. Rh8+ Rh7 42. Rxh7+ Kxh7 43. Kxg5 f3 44. Rb2 Bf1+ 45. Kf4 Be2 46.
Ke3 a6 47. Rb7+ Kh6 48. Rd7 Bd1 49. Bg3 Rg2 50. Bf2 Rxh2 51. Rxd5 Be2 52. Rd8
Kg6 53. d5 Rh1 54. d6 Rd1 55. d7 Kf7 56. Rh8 Rxd7 57. Rh7+ Ke6 58. Rxd7 Kxd7
59. Ke4 1/2-1/2

[Event "Russian Higher League"]
[Site "Tyumen RUS"]
[Date "2012.06.16"]
[Round "1"]
[White "Vitiugov, N."]
[Black "Prizant, Ja"]
[Result "1-0"]
[WhiteElo "2703"]
[BlackElo "2524"]
[PlyCount "99"]
[EventDate "2012.06.16"]

1. d4 d5 2. c4 e6 3. Nc3 c6 4. e3 Bd6 5. Bd3 f5 6. Nf3 Nf6 7. O-O O-O 8. b3 Ne4
9. Bb2 Nd7 10. Rc1 Qf6 11. Ne2 g5 12. Ng3 Nxg3 13. hxg3 g4 14. Nd2 h5 15. Qe1
Rf7 16. f4 gxf3 17. gxf3 Rg7 18. f4 Qh6 19. Kf2 Nf6 20. Rh1 Bd7 21. Rh3 Kf7 22.
Nf3 Rag8 23. Ne5+ Bxe5 24. dxe5 Ne4+ 25. Bxe4 fxe4 26. Qh1 Rh7 27. Rh4 Rg4 28.
Qh3 Qg6 29. Rh1 Rxh4 30. Qxh4 Be8 31. Ba3 Kg8 32. cxd5 cxd5 33. Rc1 Qg4 34.
Qxg4+ hxg4 35. Rc8 Kf7 36. f5 exf5 37. e6+ Kxe6 38. Rxe8+ Kd7 39. Re5 Rh2+ 40.
Kf1 Rxa2 41. Bc5 Kc6 42. Bd4 Kb5 43. Rxd5+ Kb4 44. Rxf5 b5 45. Rg5 a5 46. Rxg4
Kxb3 47. Rxe4 b4 48. g4 Kc2 49. Rf4 Kd3 50. Rf2 1-0

[Event "Russian Higher League"]
[Site "Tyumen RUS"]
[Date "2012.06.16"]
[Round "1"]
[White "Bezgodov, A."]
[Black "Andreikin, D."]
[Result "1/2-1/2"]
[WhiteElo "2508"]
[BlackElo "2700"]
[PlyCount "48"]
[EventDate "2012.06.16"]

1. e4 c6 2. Nc3 d5 3. Nf3 Bg4 4. h3 Bh5 5. d4 e6 6. Bd3 Bb4 7. O-O Ne7 8. a3
Ba5 9. Bg5 O-O 10. Re1 f6 11. Bh4 Ng6 12. Bg3 f5 13. exf5 exf5 14. Re6 f4 15.
Bxg6 Bxf3 16. Qxf3 fxg3 17. Bxh7+ Kxh7 18. Qh5+ Kg8 19. Rh6 gxf2+ 20. Kf1 gxh6
21. Qg6+ Kh8 22. Qxh6+ Kg8 23. Qg6+ Kh8 24. Qh6+ Kg8 1/2-1/2

[Event "Russian Higher League"]
[Site "Tyumen RUS"]
[Date "2012.06.17"]
[Round "2"]
[White "Popov, Iv RUS"]
[Black "Vitiugov, N."]
[Result "1-0"]
[WhiteElo "2609"]
[BlackElo "2703"]
[PlyCount "123"]
[EventDate "2012.06.16"]

1. e4 e6 2. d4 d5 3. Nc3 Bb4 4. exd5 exd5 5. Bd3 Nf6 6. Nge2 O-O 7. O-O c6 8.
a3 Bd6 9. Bf4 Re8 10. Qd2 Bg4 11. Bxd6 Qxd6 12. Qf4 Qxf4 13. Nxf4 Nbd7 14. f3
Be6 15. h4 h5 16. Rfe1 Nf8 17. b4 Bd7 18. Rxe8 Rxe8 19. a4 Ne6 20. Nxe6 Bxe6
21. a5 a6 22. Re1 g6 23. Kf2 Kg7 24. Na4 Nd7 25. g4 hxg4 26. fxg4 Rh8 27. Kg3
Kf6 28. Nc3 Nf8 29. Re3 Ke7 30. Ne2 Kd6 31. Rf3 Ke7 32. Nf4 Bd7 33. Re3+ Kd6
34. c4 dxc4 35. Bxc4 f6 36. Bb3 Rh6 37. Nd3 g5 38. hxg5 fxg5 39. Nc5 Rh4 40.
Bd1 Kc7 41. Re7 Rh7 42. Re5 Rh1 43. Bf3 Rb1 44. Rxg5 Rxb4 45. Rg7 Rxd4 46. Rf7
Rc4 47. Nxd7 Nxd7 48. g5 Rc5 49. Kh4 Kd6 50. g6 Rc4+ 51. Kh3 Ne5 52. g7 Nxf7
53. g8=Q Ne5 54. Qb8+ Ke6 55. Bd1 Rc3+ 56. Kg2 Rd3 57. Qe8+ Kd5 58. Qd8+ Kc5
59. Qb6+ Kd6 60. Bb3 Rd2+ 61. Kf1 Nf3 62. Qe3 1-0

[Event "Russian Higher League"]
[Site "Tyumen RUS"]
[Date "2012.06.17"]
[Round "2"]
[White "Jakovenko, D."]
[Black "Yevseev, D."]
[Result "1/2-1/2"]
[WhiteElo "2736"]
[BlackElo "2529"]
[PlyCount "91"]
[EventDate "2012.06.16"]

1. d4 d5 2. c4 c6 3. Nc3 Nf6 4. e3 e6 5. Nf3 Nbd7 6. Qc2 Bd6 7. Bd3 O-O 8. O-O
dxc4 9. Bxc4 a6 10. Rd1 b5 11. Bd3 Bb7 12. Ng5 h6 13. Nge4 Be7 14. a3 a5 15.
Nxf6+ Bxf6 16. Ne4 Be7 17. b3 Qb6 18. Bb2 Rfc8 19. Qe2 b4 20. axb4 axb4 21.
Rxa8 Rxa8 22. Bb1 Nf6 23. Rc1 Nxe4 24. Bxe4 Rc8 25. Qf3 Qa6 26. Ra1 Qb5 27. g4
Ra8 28. Rxa8+ Bxa8 29. Kg2 Bb7 30. h3 Ba6 31. Qd1 c5 32. d5 exd5 33. Bxd5 Qd3
34. Qxd3 Bxd3 35. Kf3 Kf8 36. e4 Bf1 37. Kg3 g5 38. f3 f6 39. Kf2 Bb5 40. e5
Kg7 41. Kg3 fxe5 42. Bxe5+ Bf6 43. Bd6 Bd4 44. f4 Bd3 45. fxg5 hxg5 46. h4
1/2-1/2

[Event "Russian Higher League"]
[Site "Tyumen RUS"]
[Date "2012.06.17"]
[Round "2"]
[White "Inarkiev, E."]
[Black "Lintchevski, D."]
[Result "1-0"]
[WhiteElo "2707"]
[BlackElo "2563"]
[PlyCount "57"]
[EventDate "2012.06.16"]

1. e4 c6 2. d4 d5 3. e5 Bf5 4. Nf3 e6 5. Be2 c5 6. O-O Nc6 7. c3 Bg6 8. a3 cxd4
9. cxd4 Nge7 10. b4 Nf5 11. Bb2 Be7 12. Nbd2 Qb6 13. Nb3 Bh5 14. Bc3 a6 15. h3
Bxf3 16. Bxf3 Rc8 17. Qd2 O-O 18. Be2 Qa7 19. a4 a5 20. bxa5 f6 21. exf6 Bxf6
22. Bg4 Rfe8 23. Rad1 g6 24. Rfe1 Re7 25. Bxf5 exf5 26. Nc5 Bxd4 27. Bxd4 Rxe1+
28. Qxe1 Nxd4 29. Nb3 1-0

[Event "Russian Higher League"]
[Site "Tyumen RUS"]
[Date "2012.06.17"]
[Round "2"]
[White "Andreikin, D."]
[Black "Ovetchkin, R."]
[Result "1-0"]
[WhiteElo "2700"]
[BlackElo "2501"]
[PlyCount "107"]
[EventDate "2012.06.16"]

1. d4 Nf6 2. c4 e6 3. Nc3 Bb4 4. e3 O-O 5. Bd3 d5 6. Nf3 c5 7. O-O cxd4 8. exd4
dxc4 9. Bxc4 b6 10. Bg5 Bb7 11. Rc1 Nbd7 12. Qe2 Qb8 13. Rfe1 Rc8 14. Bd3 Bxc3
15. bxc3 Qd6 16. Ne5 h6 17. Nxd7 Nxd7 18. Bd2 Rd8 19. Qg4 Nf6 20. Qh4 Qc6 21.
f3 Rd5 22. Qg3 Nh5 23. Qf2 Nf6 24. c4 Rd7 25. Bf4 Rad8 26. Be5 Ne8 27. c5 bxc5
28. Rxc5 Qxc5 29. dxc5 Rxd3 30. h3 Bc6 31. Qg3 Rd2 32. Bf4 Rxa2 33. Bxh6 Rc2
34. Re5 Kf8 35. Bf4 a5 36. Rh5 Rd1+ 37. Kh2 Ke7 38. Rh8 Rxc5 39. Qf2 Rdd5 40.
Be3 Rc4 41. Qb2 f6 42. Qb8 Bd7 43. Qb1 Re5 44. Bc1 Rc3 45. Bb2 Rb5 46. Qa2 Rd3
47. Ba3+ Kf7 48. h4 Rbb3 49. Bc5 a4 50. Qe2 Rd5 51. Rf8+ Kg6 52. Qe4+ f5 53.
Qf4 Kh7 54. h5 1-0

[Event "Russian Higher League"]
[Site "Tyumen RUS"]
[Date "2012.06.18"]
[Round "3"]
[White "Nepomniachtchi, I."]
[Black "Bocharov, D."]
[Result "1-0"]
[WhiteElo "2716"]
[BlackElo "2600"]
[PlyCount "97"]
[EventDate "2012.06.16"]

1. d4 Nf6 2. c4 e6 3. Nc3 Bb4 4. e3 c5 5. Nge2 cxd4 6. exd4 d5 7. c5 Nc6 8. a3
Bxc3+ 9. Nxc3 O-O 10. Bb5 e5 11. Bxc6 bxc6 12. O-O Re8 13. Bg5 h6 14. Bh4 e4
15. Qa4 g5 16. Bg3 Bd7 17. Bd6 Re6 18. f3 Qe8 19. f4 gxf4 20. Bxf4 Nh5 21. Qd1
Nxf4 22. Rxf4 Rg6 23. b4 Qf8 24. Qd2 Bh3 25. g3 Qg7 26. Qe3 a6 27. Kf2 Bg4 28.
Ke1 h5 29. Kd2 h4 30. Raf1 Rf8 31. gxh4 Bf3 32. Kc2 Rg2+ 33. Kb3 f6 34. R1xf3
exf3 35. Qe6+ Qf7 36. Qxc6 f2 37. Qxa6 Qc7 38. Qe6+ Kg7 39. Qf5 f1=Q 40. Rxf1
Qxh2 41. Qxd5 Rf7 42. Qe4 Rg3 43. Rf3 Rxf3 44. Qxf3 f5 45. c6 Qxh4 46. d5 Qd4
47. c7 Rf8 48. Qg3+ Kf7 49. Qd6 1-0

[Event "Russian Higher League"]
[Site "Tyumen RUS"]
[Date "2012.06.18"]
[Round "3"]
[White "Matlakov, M."]
[Black "Inarkiev, E."]
[Result "1/2-1/2"]
[WhiteElo "2668"]
[BlackElo "2707"]
[PlyCount "118"]
[EventDate "2012.06.16"]

1. d4 d5 2. c4 c6 3. Nf3 Nf6 4. Nc3 dxc4 5. a4 Bf5 6. e3 e6 7. Bxc4 Bb4 8. O-O
Nbd7 9. Qe2 Bg6 10. e4 O-O 11. Bd3 Bh5 12. e5 Nd5 13. Nxd5 cxd5 14. Qe3 Be7 15.
Bd2 Nb8 16. Ne1 Nc6 17. Qh3 Bg6 18. Bxg6 hxg6 19. Nf3 Qb6 20. Bg5 Rfe8 21. Bxe7
Nxe7 22. g4 Qxb2 23. Rab1 Qa3 24. Kg2 b6 25. Rbe1 Qb2 26. Re3 Kf8 27. Ng5 Ng8
28. Rf3 Nh6 29. Nxf7 Nxf7 30. Qh8+ Ke7 31. Qxg7 Rf8 32. Qf6+ Kd7 33. Qxg6 Ke7
34. Qf6+ Kd7 35. Qg6 Ke7 36. Rf6 Nd8 37. Qg7+ Rf7 38. Rxf7+ Nxf7 39. Qf6+ Kf8
40. g5 Qxd4 41. g6 Qg4+ 42. Kh1 Qf5 43. Qxf5 exf5 44. gxf7 Kxf7 45. f4 Rc8 46.
Kg2 Rc4 47. h4 Rxa4 48. h5 Rc4 49. Kg3 d4 50. Kh4 d3 51. Kg5 Ke6 52. Rd1 Rd4
53. h6 d2 54. h7 Rd8 55. Kg6 b5 56. Kg7 Rd7+ 57. Kg6 Rd8 58. Kg7 Rd7+ 59. Kg6
Rd8 1/2-1/2

[Event "Russian Higher League"]
[Site "Tyumen RUS"]
[Date "2012.06.18"]
[Round "3"]
[White "Khismatullin, D."]
[Black "Andreikin, D."]
[Result "1/2-1/2"]
[WhiteElo "2664"]
[BlackElo "2700"]
[PlyCount "86"]
[EventDate "2012.06.16"]

1. d4 Nf6 2. c4 e6 3. Nf3 b6 4. g3 Bb7 5. Bg2 Be7 6. O-O O-O 7. Re1 Qc8 8. Nc3
Ne4 9. Nxe4 Bxe4 10. Nh4 Bxg2 11. Nxg2 Qa6 12. b3 b5 13. c5 d6 14. cxd6 cxd6
15. Bb2 Nd7 16. e4 Rfc8 17. Ne3 Rc7 18. h4 Rac8 19. Qf3 Bf6 20. Kg2 Nb8 21. Ng4
Nd7 22. Ne3 Nb8 23. Red1 Nd7 24. Rd2 Qa5 25. Rad1 Be7 26. Re2 Qxa2 27. d5 Qxb3
28. Bxg7 Rc1 29. Rxc1 Rxc1 30. Bb2 Rb1 31. Qg4+ Kf8 32. Bg7+ Ke8 33. dxe6 fxe6
34. Qh5+ Kd8 35. Qxh7 Nb6 36. Bd4 Nc4 37. Qg8+ Kd7 38. Qa8 Qd3 39. Qxa7+ Ke8
40. Qa8+ Kf7 41. Nf5 exf5 42. Qd5+ Ke8 43. Qc6+ Kf7 1/2-1/2

[Event "Russian Higher League"]
[Site "Tyumen RUS"]
[Date "2012.06.18"]
[Round "3"]
[White "Jakovenko, D."]
[Black "Demchenko, A."]
[Result "1-0"]
[WhiteElo "2736"]
[BlackElo "2575"]
[PlyCount "95"]
[EventDate "2012.06.16"]

1. d4 Nf6 2. c4 g6 3. Nc3 Bg7 4. e4 O-O 5. Nf3 d6 6. Be2 e5 7. O-O Nc6 8. d5
Ne7 9. b4 Nh5 10. g3 f5 11. Ng5 Nf6 12. Bf3 fxe4 13. Ncxe4 Nf5 14. Bg2 Nxe4 15.
Nxe4 Nd4 16. Bg5 Qd7 17. c5 b6 18. Rc1 bxc5 19. bxc5 Ba6 20. Re1 Rab8 21. Be3
Rb2 22. cxd6 cxd6 23. Rc6 Be2 24. Qc1 Nf3+ 25. Bxf3 Bxf3 26. Ng5 Bxd5 27. Rc7
Qb5 28. Rxg7+ Kxg7 29. Qc7+ Rf7 30. Nxf7 Bxf7 31. Qxd6 Qd5 32. Qa3 Rxa2 33. Qe7
h5 34. h4 Rb2 35. Rc1 Rb7 36. Qg5 Qe6 37. Qd8 Qd7 38. Qa5 Qd5 39. Qa1 Kh7 40.
Qa3 Kg7 41. Rc8 a5 42. Qf8+ Kf6 43. Kh2 Rb1 44. Bc1 Qa2 45. Qd8+ Kf5 46. Qd3+
Kf6 47. Qf3+ Ke6 48. Bg5 1-0

[Event "Russian Higher League"]
[Site "Tyumen RUS"]
[Date "2012.06.18"]
[Round "3"]
[White "Vitiugov, N."]
[Black "Kabanov, N."]
[Result "1/2-1/2"]
[WhiteElo "2703"]
[BlackElo "2496"]
[PlyCount "92"]
[EventDate "2012.06.16"]

1. d4 Nf6 2. c4 g6 3. Nc3 Bg7 4. e4 d6 5. f3 O-O 6. Be3 b6 7. Nge2 c5 8. d5 e6
9. dxe6 Bxe6 10. b3 Nc6 11. Qd2 a6 12. Rd1 Qc8 13. Nf4 Rd8 14. Bd3 Nd7 15. Nfd5
Qb7 16. O-O Nd4 17. f4 Bxd5 18. Nxd5 Nf6 19. f5 Nxd5 20. cxd5 Be5 21. f6 Kf8
22. Be2 Nxe2+ 23. Qxe2 Ke8 24. Qg4 h5 25. Qe2 b5 26. Bf4 Bxf4 27. Rxf4 Kd7 28.
e5 dxe5 29. Re4 Re8 30. Re1 Qb8 31. d6 Re6 32. Rxe5 Rxe5 33. Qxe5 Qxd6 34. Qe7+
Qxe7 35. Rxe7+ Kd6 36. Rxf7 c4 37. bxc4 bxc4 38. Kf2 Rc8 39. Ke2 Ke6 40. Ra7
Kxf6 41. Rxa6+ Kf5 42. Kd2 Rd8+ 43. Kc2 Re8 44. Rd6 Re2+ 45. Rd2 Re3 46. Rd4
Re2+ 1/2-1/2

[Event "Russian Higher League"]
[Site "Tyumen RUS"]
[Date "2012.06.19"]
[Round "4"]
[White "Potkin, V."]
[Black "Jakovenko, D."]
[Result "1/2-1/2"]
[WhiteElo "2642"]
[BlackElo "2736"]
[PlyCount "77"]
[EventDate "2012.06.16"]

1. c4 c6 2. Nf3 d5 3. e3 Nf6 4. Nc3 a6 5. d4 b5 6. b3 Bg4 7. Be2 Nbd7 8. h3 Bf5
9. O-O e6 10. Bb2 Be7 11. Nh4 Be4 12. f3 Bg6 13. Nxg6 hxg6 14. cxd5 cxd5 15.
Bd3 Qb8 16. Rf2 O-O 17. Rc1 Bd6 18. Rfc2 Qb7 19. Ne2 Rfc8 20. Rxc8+ Rxc8 21.
Rxc8+ Qxc8 22. Qc1 Qb7 23. Bc3 b4 24. Bd2 a5 25. Qc2 e5 26. dxe5 Nxe5 27. Nd4
Nxd3 28. Qxd3 Bc5 29. Ne2 Qe7 30. Kf2 Qe5 31. Qb5 d4 32. exd4 Bxd4+ 33. Nxd4
Qxd4+ 34. Be3 Qb2+ 35. Qe2 Qe5 36. Qc4 Qb2+ 37. Qe2 Qe5 38. Qc4 Qb2+ 39. Qe2
1/2-1/2

[Event "Russian Higher League"]
[Site "Tyumen RUS"]
[Date "2012.06.19"]
[Round "4"]
[White "Inarkiev, E."]
[Black "Timofeev, Arty"]
[Result "1/2-1/2"]
[WhiteElo "2707"]
[BlackElo "2641"]
[PlyCount "59"]
[EventDate "2012.06.16"]

1. e4 c5 2. Nf3 Nc6 3. Nc3 e5 4. Bc4 Be7 5. d3 d6 6. O-O Nf6 7. Ng5 O-O 8. f4
Bg4 9. Qe1 exf4 10. Bxf4 Nd4 11. Qd2 h6 12. Nf3 Nxf3+ 13. gxf3 Be6 14. Kh1 Kh7
15. Bxe6 fxe6 16. Qg2 Nh5 17. Be3 d5 18. Rg1 g5 19. Qh3 d4 20. Qxh5 dxe3 21.
Rae1 c4 22. dxc4 Qc7 23. Nd1 Qf4 24. Nxe3 Bc5 25. Ng4 Qxf3+ 26. Rg2 Qf1+ 27.
Rg1 Qf3+ 28. Rg2 Qf1+ 29. Rg1 Qf3+ 30. Rg2 1/2-1/2

[Event "Russian Higher League"]
[Site "Tyumen RUS"]
[Date "2012.06.19"]
[Round "4"]
[White "Andreikin, D."]
[Black "Bocharov, D."]
[Result "1/2-1/2"]
[WhiteElo "2700"]
[BlackElo "2600"]
[PlyCount "85"]
[EventDate "2012.06.16"]

1. d4 Nf6 2. c4 e6 3. Nf3 b6 4. g3 Ba6 5. Nbd2 Bb7 6. Bg2 c5 7. dxc5 bxc5 8.
O-O Qc7 9. Re1 Nc6 10. e4 d6 11. e5 dxe5 12. Nxe5 Nxe5 13. Bxb7 Qxb7 14. Rxe5
Bd6 15. Re3 O-O 16. b3 Rfd8 17. Bb2 Be7 18. Qe2 Rd7 19. Re1 Rad8 20. Nf3 Bf8
21. h3 a5 22. Bc3 Qa8 23. Ne5 Rd6 24. Rf3 Re8 25. g4 Re7 26. g5 Nd7 27. Rf4 f5
28. gxf6 Nxf6 29. Kh2 Nd7 30. Ng4 e5 31. Re4 a4 32. b4 h5 33. Nxe5 cxb4 34. Ba1
Nf6 35. Re3 Re8 36. c5 Rde6 37. c6 Nd5 38. Qxh5 Nxe3 39. Rxe3 Rf6 40. Ng4 Rxf2+
41. Nxf2 Rxe3 42. Qd5+ Kh8 43. Qh5+ 1/2-1/2

[Event "Russian Higher League"]
[Site "Tyumen RUS"]
[Date "2012.06.20"]
[Round "5"]
[White "Nepomniachtchi, I."]
[Black "Frolyanov, D."]
[Result "0-1"]
[WhiteElo "2716"]
[BlackElo "2564"]
[PlyCount "76"]
[EventDate "2012.06.16"]

1. d4 d5 2. c4 e6 3. Nc3 c6 4. e3 Nf6 5. Nf3 Nbd7 6. Qc2 Bd6 7. Bd3 O-O 8. O-O
dxc4 9. Bxc4 a6 10. e4 e5 11. Rd1 Qc7 12. h3 exd4 13. Nxd4 Re8 14. Nf5 Bh2+ 15.
Kh1 Nb6 16. Bb3 Bxf5 17. exf5 Bf4 18. g3 Bxc1 19. Raxc1 Rad8 20. Rxd8 Rxd8 21.
Re1 c5 22. a4 c4 23. Ba2 Qc5 24. Ne4 Qb4 25. Nxf6+ gxf6 26. Qe2 Qxa4 27. Bb1
Qb4 28. Kg2 Kh8 29. Qe4 Nd5 30. Re2 a5 31. Qf3 c3 32. Qh5 Qc4 33. b3 Qxb3 34.
Ba2 Qb5 35. Re4 c2 36. Rc4 Ne3+ 37. fxe3 Rd2+ 38. Kf3 c1=Q 0-1

[Event "Russian Higher League"]
[Site "Tyumen RUS"]
[Date "2012.06.20"]
[Round "5"]
[White "Vitiugov, N."]
[Black "Panarin, M."]
[Result "1/2-1/2"]
[WhiteElo "2703"]
[BlackElo "2538"]
[PlyCount "50"]
[EventDate "2012.06.16"]

1. d4 Nf6 2. c4 e6 3. Nc3 Bb4 4. Nf3 c5 5. g3 Bxc3+ 6. bxc3 Qa5 7. Qd3 b6 8.
Bg5 cxd4 9. Bxf6 gxf6 10. Qxd4 Ke7 11. Bg2 Bb7 12. Rd1 Qc5 13. Qh4 Bxf3 14.
Bxf3 Nc6 15. O-O Rac8 16. Bxc6 Rxc6 17. Rd4 Rd6 18. Rfd1 Rxd4 19. Rxd4 h5 20.
Qe4 Rc8 21. Qd3 Rc7 22. Rf4 Qe5 23. Rd4 Qc5 24. Rf4 Qe5 25. Rd4 Qc5 1/2-1/2

[Event "Russian Higher League"]
[Site "Tyumen RUS"]
[Date "2012.06.20"]
[Round "5"]
[White "Jakovenko, D."]
[Black "Shimanov, A."]
[Result "1/2-1/2"]
[WhiteElo "2736"]
[BlackElo "2600"]
[PlyCount "80"]
[EventDate "2012.06.16"]

1. e4 c6 2. d4 d5 3. e5 c5 4. dxc5 Nc6 5. Bb5 e6 6. Be3 Nge7 7. c3 Bd7 8. Bxc6
Bxc6 9. Nf3 Nf5 10. Bd4 a5 11. O-O a4 12. Nbd2 g5 13. Qe2 Ra5 14. Rfd1 g4 15.
Ne1 Qg5 16. Nc2 Bxc5 17. b4 Bxd4 18. Nxd4 Nxd4 19. cxd4 Bb5 20. Qe3 Qxe3 21.
fxe3 Ra8 22. Rdc1 Kd7 23. Rc5 Bd3 24. Rac1 Rhc8 25. a3 Rxc5 26. Rxc5 h5 27. Kf2
h4 28. e4 dxe4 29. Ke3 b6 30. Rc3 f5 31. exf6 Rf8 32. Nxe4 Bxe4 33. Kxe4 Rxf6
34. h3 gxh3 35. Rxh3 Rf2 36. Rxh4 Rxg2 37. d5 exd5+ 38. Kxd5 Rg5+ 39. Kc4 b5+
40. Kd4 Kc6 1/2-1/2

[Event "Russian Higher League"]
[Site "Tyumen RUS"]
[Date "2012.06.20"]
[Round "5"]
[White "Maletin, P."]
[Black "Inarkiev, E."]
[Result "1/2-1/2"]
[WhiteElo "2596"]
[BlackElo "2707"]
[PlyCount "25"]
[EventDate "2012.06.16"]

1. d4 Nf6 2. c4 g6 3. g3 c5 4. Nf3 Bg7 5. Bg2 Qa5+ 6. Bd2 Qb6 7. Nc3 cxd4 8.
Na4 Qd6 9. Bf4 Qb4+ 10. Bd2 Qd6 11. Bf4 Qb4+ 12. Bd2 Qd6 13. Bf4 1/2-1/2

[Event "Russian Higher League"]
[Site "Tyumen RUS"]
[Date "2012.06.20"]
[Round "5"]
[White "Timofeev, Arty"]
[Black "Andreikin, D."]
[Result "0-1"]
[WhiteElo "2641"]
[BlackElo "2700"]
[PlyCount "70"]
[EventDate "2012.06.16"]

1. d4 Nf6 2. c4 g6 3. Nc3 Bg7 4. e4 d6 5. Nf3 O-O 6. h3 e5 7. d5 Nh5 8. g3 f5
9. exf5 gxf5 10. Bg2 Na6 11. O-O Nf6 12. Rb1 Nc5 13. b4 Nce4 14. Nxe4 Nxe4 15.
Qc2 f4 16. Re1 Ng5 17. Nxg5 Qxg5 18. Rb3 Bd7 19. Ra3 Rf6 20. c5 Raf8 21. cxd6
cxd6 22. Qc7 Bc8 23. Rxa7 Qh5 24. g4 Qh4 25. Ra8 Bxg4 26. Rxf8+ Bxf8 27. Qc3
Rg6 28. Kf1 f3 29. hxg4 fxg2+ 30. Kxg2 Qxg4+ 31. Kf1 h5 32. Qd3 Qg2+ 33. Ke2 e4
34. Qc2 h4 35. Kd1 h3 0-1

[Event "Russian Higher League"]
[Site "Tyumen RUS"]
[Date "2012.06.21"]
[Round "6"]
[White "Andreikin, D."]
[Black "Popov, Iv RUS"]
[Result "1-0"]
[WhiteElo "2700"]
[BlackElo "2609"]
[PlyCount "79"]
[EventDate "2012.06.16"]

1. c4 c5 2. Nf3 g6 3. d4 cxd4 4. Nxd4 Bg7 5. e4 Nc6 6. Be3 Nf6 7. Nc3 Ng4 8.
Qxg4 Nxd4 9. Qd1 Ne6 10. Qd2 Qa5 11. Rc1 d6 12. Be2 Nc5 13. f3 Be6 14. b3 O-O
15. Nd5 Qxd2+ 16. Kxd2 Bxd5 17. cxd5 a5 18. Bxc5 dxc5 19. Rxc5 Rfc8 20. Rc4 e6
21. dxe6 fxe6 22. Rd1 Kf8 23. Ke3 Ke7 24. f4 Rxc4 25. Bxc4 e5 26. f5 Rd8 27.
Bd5 b5 28. g4 Bh6+ 29. Kd3 gxf5 30. gxf5 Rc8 31. a3 b4 32. axb4 axb4 33. Ra1
Rc3+ 34. Ke2 Rc2+ 35. Kf3 Rxh2 36. Ra6 Rh4 37. Kg3 Bg5 38. f6+ Kd7 39. Be6+ Kc7
40. f7 1-0

[Event "Russian Higher League"]
[Site "Tyumen RUS"]
[Date "2012.06.21"]
[Round "6"]
[White "Prizant, Ja"]
[Black "Jakovenko, D."]
[Result "1/2-1/2"]
[WhiteElo "2524"]
[BlackElo "2736"]
[PlyCount "81"]
[EventDate "2012.06.16"]

1. d4 Nf6 2. c4 e6 3. Nf3 d5 4. g3 Bb4+ 5. Bd2 Be7 6. Bg2 O-O 7. O-O c6 8. Qc2
Nbd7 9. Rd1 b6 10. Bf4 Bb7 11. Nc3 dxc4 12. Nd2 Nd5 13. Nxc4 Nxf4 14. gxf4 Nf6
15. e3 Rc8 16. a3 Nd5 17. b4 f5 18. Qb3 Rc7 19. Rac1 g5 20. Ne5 gxf4 21. Nxd5
cxd5 22. exf4 Bf6 23. Qe3 Rg7 24. Kh1 Kh8 25. Bf1 Qe8 26. Be2 Rfg8 27. b5 Bc8
28. Rg1 Bd7 29. Rxg7 Rxg7 30. a4 Qg8 31. Bh5 Be8 32. Bxe8 Qxe8 33. Rg1 Rxg1+
34. Kxg1 Bxe5 35. Qxe5+ Kg8 36. Qc7 Qf7 37. Qxf7+ Kxf7 38. Kg2 Kg6 39. Kg3 Kh5
40. Kh3 Kg6 41. Kg3 1/2-1/2

[Event "Russian Higher League"]
[Site "Tyumen RUS"]
[Date "2012.06.21"]
[Round "6"]
[White "Khismatullin, D."]
[Black "Nepomniachtchi, I."]
[Result "1/2-1/2"]
[WhiteElo "2664"]
[BlackElo "2716"]
[PlyCount "81"]
[EventDate "2012.06.16"]

1. d4 Nf6 2. c4 g6 3. Nc3 d5 4. Nf3 Bg7 5. Qb3 dxc4 6. Qxc4 O-O 7. e4 Nc6 8.
Be2 e5 9. d5 Nd4 10. Nxd4 exd4 11. Qxd4 c6 12. Qd1 cxd5 13. exd5 b6 14. O-O Bb7
15. Bf3 Qd7 16. Bf4 Rad8 17. Qd2 Nxd5 18. Nxd5 Bxd5 19. Rfd1 Be6 20. Qb4 Qc8
21. Bd6 Rfe8 22. Rac1 Qa6 23. Bc6 Qxa2 24. Bxe8 Rxe8 25. Qb5 Ra8 26. Be5 Qb3
27. Qc6 Rf8 28. Bxg7 Kxg7 29. Qc7 Qxb2 30. Qxa7 Rd8 31. Rf1 Qd4 32. h3 b5 33.
Qxd4+ Rxd4 34. Rfd1 Ra4 35. Rd6 Rb4 36. Rc7 Kf6 37. Kh2 Rb2 38. Rb6 b4 39. Kg3
b3 40. Rc5 h5 41. h4 1/2-1/2

[Event "Russian Higher League"]
[Site "Tyumen RUS"]
[Date "2012.06.21"]
[Round "6"]
[White "Inarkiev, E."]
[Black "Bocharov, D."]
[Result "0-1"]
[WhiteElo "2707"]
[BlackElo "2600"]
[PlyCount "58"]
[EventDate "2012.06.16"]

1. e4 c6 2. d4 d5 3. e5 Bf5 4. Nf3 e6 5. Be2 Nd7 6. O-O h6 7. b3 Ne7 8. c4 Ng6
9. Be3 Bb4 10. a3 Ba5 11. b4 Bc7 12. Nc3 dxc4 13. Bxc4 O-O 14. Nd2 Ne7 15. Qf3
f6 16. g4 Bh7 17. Bxe6+ Kh8 18. Qh3 fxe5 19. g5 exd4 20. Bxd4 Ne5 21. Be3 Nf5
22. gxh6 Nxe3 23. hxg7+ Kxg7 24. fxe3 Qxd2 25. Na4 Nf3+ 26. Rxf3 Rxf3 27. Qg4+
Kh8 28. Qxf3 Qxh2+ 29. Kf1 Bd3+ 0-1

[Event "Russian Higher League"]
[Site "Tyumen RUS"]
[Date "2012.06.21"]
[Round "6"]
[White "Potkin, V."]
[Black "Vitiugov, N."]
[Result "0-1"]
[WhiteElo "2642"]
[BlackElo "2703"]
[PlyCount "82"]
[EventDate "2012.06.16"]

1. d4 e6 2. c4 Bb4+ 3. Bd2 a5 4. Nf3 d6 5. g3 Nc6 6. Nc3 Nf6 7. Bg2 O-O 8. O-O
e5 9. dxe5 dxe5 10. a3 Bxc3 11. Bxc3 Qe7 12. Qc2 a4 13. e3 Re8 14. h3 e4 15.
Nd2 Bf5 16. b3 axb3 17. Qxb3 b6 18. Rfc1 Rad8 19. Qb2 Ne5 20. Bxe5 Qxe5 21.
Qxe5 Rxe5 22. Nb3 Be6 23. Nd4 Bd7 24. Rc3 Ba4 25. Rac1 Nd7 26. g4 Nc5 27. Rb1
h5 28. f4 exf3 29. Nxf3 Re6 30. gxh5 Rh6 31. Nd4 Rxh5 32. Rf1 Rd6 33. Rf5 Rxf5
34. Nxf5 Rd1+ 35. Kf2 Rd2+ 36. Kg3 Bc2 37. Ne7+ Kf8 38. Nd5 Na4 39. Rxc2 Rxc2
40. Nxc7 Rxc4 41. Nd5 Rc1 0-1

[Event "Russian Higher League"]
[Site "Tyumen RUS"]
[Date "2012.06.23"]
[Round "7"]
[White "Dubov, Danii"]
[Black "Andreikin, D."]
[Result "1/2-1/2"]
[WhiteElo "2569"]
[BlackElo "2700"]
[PlyCount "42"]
[EventDate "2012.06.16"]

1. d4 Nf6 2. c4 e6 3. Nc3 Bb4 4. e3 O-O 5. Nge2 d5 6. a3 Be7 7. cxd5 Nxd5 8. g3
Nxc3 9. Nxc3 c5 10. d5 exd5 11. Nxd5 Nd7 12. Bg2 Nf6 13. Nxe7+ Qxe7 14. O-O Bf5
15. Qe2 Qe6 16. Bxb7 Rab8 17. Ba6 Bh3 18. Re1 Bg4 19. Qf1 Bh3 20. Qe2 Bg4 21.
Qf1 Bh3 1/2-1/2

[Event "Russian Higher League"]
[Site "Tyumen RUS"]
[Date "2012.06.23"]
[Round "7"]
[White "Nepomniachtchi, I."]
[Black "Kurnosov, I."]
[Result "1-0"]
[WhiteElo "2716"]
[BlackElo "2663"]
[PlyCount "87"]
[EventDate "2012.06.16"]

1. d4 Nf6 2. c4 g6 3. Nc3 d5 4. cxd5 Nxd5 5. e4 Nxc3 6. bxc3 Bg7 7. Qa4+ Qd7 8.
Qb3 O-O 9. Nf3 c5 10. Be3 cxd4 11. cxd4 Nc6 12. Rd1 Qd6 13. h3 Bd7 14. Bd3 Qb4+
15. Qxb4 Nxb4 16. Bb1 Rac8 17. Kd2 f5 18. a3 Nc6 19. Ba2+ Kh8 20. d5 Ne5 21.
Nxe5 Bxe5 22. f4 Bc3+ 23. Ke2 fxe4 24. Bxa7 Bb2 25. Rd2 Bg7 26. Rb1 b5 27. Be3
Rc3 28. Rb3 Ra8 29. d6 exd6 30. Rxc3 Bxc3 31. Rxd6 Be8 32. Bd5 Rb8 33. Rb6 Rxb6
34. Bxb6 Kg7 35. Ke3 Kf6 36. Bd4+ Bxd4+ 37. Kxd4 Ke7 38. Bxe4 Kd6 39. g4 Bd7
40. Bd3 h5 41. gxh5 gxh5 42. h4 Bc6 43. Bg6 Bf3 44. Be8 1-0